Loading...
| Fine Arts - Classical Music | 0 | 5 | 0 | 1 | 50 | 35 | 97.00 | 2 | 2 | 0.00 | 0.00 |
| Science - Physics | 0 | 5 | 1 | 0 | 45 | 44 | 57.80 | 3 | 4 | 0.00 | 0.00 |
| Mythology | 0 | 4 | 0 | 0 | 40 | 64 | 90.00 | 1 | 3 | 0.00 | 0.00 |
| Philosophy | 0 | 4 | 0 | 0 | 40 | 65 | 86.25 | 0 | 1 | 0.00 | 0.00 |
| History - World | 0 | 4 | 1 | 1 | 35 | 47 | 94.75 | 0 | 2 | 0.00 | 0.00 |
| Literature - World | 0 | 3 | 0 | 0 | 30 | 53 | 98.00 | 1 | 2 | 0.00 | 0.00 |
| Social Science | 0 | 3 | 0 | 0 | 30 | 62 | 82.00 | 0 | 1 | 0.00 | 0.00 |
| History - European | 0 | 3 | 1 | 1 | 25 | 52 | 94.67 | 1 | 2 | 0.00 | 0.00 |
| History - American | 0 | 3 | 1 | 0 | 25 | 58 | 79.33 | 0 | 2 | 0.00 | 0.00 |
| History - Other | 0 | 3 | 1 | 0 | 25 | 121 | 121.67 | 0 | 2 | 0.00 | 0.00 |
| Science - Chemistry | 0 | 2 | 0 | 0 | 20 | 88 | 92.00 | 0 | 1 | 0.00 | 0.00 |
| Fine Arts - Painting and Sculpture | 0 | 2 | 0 | 0 | 20 | 86 | 90.00 | 0 | 0 | 0.00 | 0.00 |
| Science - Biology | 0 | 1 | 0 | 0 | 10 | 85 | 85.00 | 0 | 1 | 0.00 | 0.00 |
| Literature - European | 0 | 1 | 0 | 0 | 10 | 95 | 95.00 | 0 | 0 | 0.00 | 0.00 |
| Other Academic | 0 | 1 | 0 | 0 | 10 | 112 | 112.00 | 0 | 0 | 0.00 | 0.00 |
| Science - Other | 0 | 1 | 1 | 0 | 5 | 101 | 101.00 | 0 | 0 | 0.00 | 0.00 |
| Religion | 0 | 2 | 3 | 0 | 5 | 87 | 92.00 | 0 | 1 | 0.00 | 0.00 |